|
|
|
|
| LEADER |
00864ncm a22002412a 4500 |
| 001 |
001243276 |
| 003 |
CZ BrMZK |
| 005 |
20140922130030.0 |
| 007 |
qu |
| 008 |
120828s1935 xr |||||||||||||||||zxx d |
| 040 |
|
|
|a BOA001
|b cze
|
| 072 |
|
7 |
|a 787
|x Hudba pro strunné a smyčcové nástroje
|2 Konspekt
|9 9
|
| 100 |
1 |
|
|a Stamic, Karel,
|d 1745-1801
|7 jn19990009993
|4 cmp
|
| 245 |
1 |
0 |
|a Tria op. 21, č.1 a 2
|h [hudebnina] :
|b dvoje housle a violoncello /
|c Karel Stamic ; (rev. J. Fiala)
|
| 260 |
|
|
|a Kutná Hora :
|b Česká hudba,
|c [1935?]
|
| 300 |
|
|
|a 1 sv. (nestránkován)
|
| 490 |
1 |
|
|a Staří mistři ;
|v č. 16
|
| 700 |
1 |
|
|a Fiala, Jan,
|d 1854-1921
|7 jo2007416175
|4 edt
|
| 830 |
|
0 |
|a Staří mistři
|
| 910 |
|
|
|a BOA001
|b Mus4-0457.919
|
| 990 |
|
|
|a MU
|
| 991 |
|
|
|b 201208
|
| 996 |
6 |
|
|b 2619075822
|c Mus4-0457.919
|l MZK
|r Sklad / do 1 hodiny
|n 0
|w 001277269
|u 000010
|a 1
|e BOA001
|j MZK50
|s P
|